| 000 | 00956cam a2200277 a 4500 | ||
|---|---|---|---|
| 001 | 000034395 | ||
| 005 | 20200930073657.0 | ||
| 008 | 860225s1974 pe 000 d spa d | ||
| 040 |
_aDO-SdBNP _bspa _cBNPHU |
||
| 082 |
_a822.33 _bS527ha, 1974 |
||
| 100 | 1 |
_aShakespeare, William, _d1564-1616 _96748 |
|
| 240 | 1 | 0 |
_aHamlet _lspañol |
| 245 | 1 | 0 |
_aHamlet / _cWilliam Shakespeare ; prólogo Francisco Carrillo, traducción de Leandro Fernández de Moratín. |
| 250 | _a3. ed. | ||
| 260 |
_aLima : _bUniverso, _c1974. |
||
| 300 |
_a176 p. ; _c18 cm. |
||
| 490 | 1 | _aAutores clásicos | |
| 500 | _aTítulo original : Hamlet, 1601 | ||
| 600 | 1 | 0 |
_aSHAKESPEARE, WILLIAM, _d1564-1616 _96748 |
| 650 | 4 |
_aDrama inglés _ySIGLOS XVI-XVII _959820 |
|
| 700 | 1 | 2 |
_aCarrillo, Francisco _epról. _959821 |
| 700 | 1 | 2 |
_aFernández de Moratín, Leandro _etrad. _959822 |
| 830 | 0 |
_aAutores clásicos _913398 |
|
| 910 | _aValidado. Control de calidad MFF | ||
| 049 | _aBNGR | ||
| 999 |
_c33886 _d33886 |
||